UM Logo

Strategic management of information systems/ (Record no. 2236)

MARC details
000 -LEADER
fixed length control field 00669nam a22001937a 4500
008 - FIXED-LENGTH DATA ELEMENTS--GENERAL INFORMATION
fixed length control field 160503b xxu||||| |||| 00| 0 eng d
020 ## - INTERNATIONAL STANDARD BOOK NUMBER
International Standard Book Number 9780470400241
082 ## - DEWEY DECIMAL CLASSIFICATION NUMBER
Edition number 2009
Classification number DC 658.4038011
Item number P32
100 ## - MAIN ENTRY--PERSONAL NAME
9 (RLIN) 7316
Personal name Pearlson, Keri E.
245 ## - TITLE STATEMENT
Title Strategic management of information systems/
Statement of responsibility, etc. Keri E. Pearlson
250 ## - EDITION STATEMENT
Edition statement Fourth Edition
260 ## - PUBLICATION, DISTRIBUTION, ETC. (IMPRINT)
Place of publication, distribution, etc. New Jersey:
Name of publisher, distributor, etc. John Wiley & Sons,
Date of publication, distribution, etc. c2009.
300 ## - PHYSICAL DESCRIPTION
Extent xii, 400 pages:
Other physical details illustrations;
Dimensions 23 cm.
500 ## - GENERAL NOTE
General note Includes glossary and index.
650 #0 - SUBJECT ADDED ENTRY--TOPICAL TERM
9 (RLIN) 7312
Topical term or geographic name as entry element Management information systems
650 #0 - SUBJECT ADDED ENTRY--TOPICAL TERM
9 (RLIN) 7313
Topical term or geographic name as entry element Information technology
General subdivision Management
700 ## - ADDED ENTRY--PERSONAL NAME
9 (RLIN) 7325
Personal name Saunders, Carol S.
Relator term Author
942 ## - ADDED ENTRY ELEMENTS (KOHA)
Source of classification or shelving scheme Dewey Decimal Classification
Koha item type Circulation
Holdings
Withdrawn status Lost status Source of classification or shelving scheme Damaged status Not for loan Collection code Home library Current library Date acquired Source of acquisition Total Checkouts Full call number Barcode Date last seen Price effective from Koha item type
    Dewey Decimal Classification     Circulation UM Digos College - LIC UM Digos College - LIC 09/18/2009 Purchased   DC 658.4038011 P32 2009 20453 05/15/2025 05/03/2016 Circulation